000 00843nam a2200253Ia 4500
001 21011
003 DO-CoUTE
005 20260204212455.0
008 220102s9999 dr 000 0 spa d
040 _aDO-CoUTE
_bspa
_cDO-CoUTE
041 0 _aspa
090 _aIT-2008-008
100 1 _aArray Suárez, Jorge Luis
245 1 0 _aSistema de Préstamo de la Financiera Jimenez / Jorge Luis Array Suárez, María Adalgiza Hernández Gómez
260 _aCotui, República Dominicana : UTECO
300 _a56 páginas
502 _aTesis (Licenciatura en Informatica)
650 4 _aInformatica
700 1 _aHernández Gómez, María Adalgiza
830 0 _aTesis y disertaciones académicas (Universidad Tecnológica del Cibao Oriental)
942 _2cl
_cTH
999 _c19493
_d19493